| 000 | 004900000a22001690004500 | ||
|---|---|---|---|
| 003 | MACL | ||
| 005 | 20151227133451.0 | ||
| 008 | 151227b xxu||||| |||| 00| 0 eng d | ||
| 040 |
_aMACL _cmacl |
||
| 041 | _aEnglish | ||
| 082 | _a016/SAR | ||
| 100 |
_aSarma, K Madhava Krishna _923217 |
||
| 245 |
_aDescriptive Catalougue of Sanskrit Manuscripts in the Adyar Library _bvol 1 Vedic |
||
| 260 |
_bThe Adyar Library _c1942 _aMadras |
||
| 650 |
_aCatalogue _923108 |
||
| 942 |
_cBK _k016/SAR _2ddc |
||
| 999 |
_c39505 _d39505 |
||